000
00284nam a22001217a 4500
999
_c
6052
_d
6052
245
_a
Customs Act, 2017 (Act 949):
_b
amendment
246
_a
Act 949
260
_a
Accra
_b
Assembly Press
300
_a
5p.
440
_a
Acts of Parliament
650
_a
Customs Amendment Act
942
_c
REF